[Event "25° Week End"]
[Site "?"]
[Date "2024.11.23"]
[Round "2"]
[White "BATTISTELLI, Gianluca"]
[Black "MENICHELLI, Alessandro"]
[Result "0-1"]
[WhiteElo "1875"]
[BlackElo "1978"]
[PlyCount "44"]
[EventDate "2024.??.??"]
[SourceVersionDate "2024.11.28"]

{[%evp 0,2,51,-32,1]} 1. f4 c5 2. e3 g6 3. Nf3 Bg7 4. Na3 Nf6 5. b3 O-O 6. Bb2 a6 7. Be2 d6 8. O-O b5 9. c4 b4 10. Nc2 Bb7 11. d3 Nbd7 12. e4 e5 13. fxe5 Ng4 14. h3 Ngxe5 15. Nxe5 Nxe5 16. Kh1 f5 17. exf5 Qh4 18. Kh2 Ng4+ 19. Bxg4 Bxb2 20. fxg6 Be5+ 21. Kg1 Qg3 22. Be6+ Kg7 0-1